Time of the harvest : (Record no. 6306)
[ view plain ]
| 000 -LEADER | |
|---|---|
| fixed length control field | 00568nam a22001932 4500 |
| 001 - CONTROL NUMBER | |
| control field | 0000003247 |
| 005 - DATE AND TIME OF LATEST TRANSACTION | |
| control field | 20151217151920.0 |
| 008 - FIXED-LENGTH DATA ELEMENTS--GENERAL INFORMATION | |
| fixed length control field | 070502s xx 000 0 eng d |
| 040 ## - CATALOGING SOURCE | |
| Original cataloging agency | KABU |
| Transcribing agency | KABU |
| 050 #0 - LIBRARY OF CONGRESS CALL NUMBER | |
| Classification number | E331 |
| Item number | .W53 |
| 100 1# - MAIN ENTRY--PERSONAL NAME | |
| Personal name | Wibberley, Leonard. |
| -- | 0000152996 |
| 245 10 - TITLE STATEMENT | |
| Title | Time of the harvest : |
| Remainder of title | Thomas Jefferson, the years 1801-1826. |
| 260 ## - PUBLICATION, DISTRIBUTION, ETC. (IMPRINT) | |
| Place of publication, distribution, etc. | New York : |
| Name of publisher, distributor, etc. | Farrar Straus, |
| Date of publication, distribution, etc. | 1966. |
| 300 ## - PHYSICAL DESCRIPTION | |
| Extent | 170 p. |
| 600 10 - SUBJECT ADDED ENTRY--PERSONAL NAME | |
| Personal name | Jefferson, Thomas, |
| Dates associated with a name | 1743-1826. |
| -- | 0000013041 |
| 908 ## - PUT COMMAND PARAMETER (RLIN) | |
| Put command parameter | 070502 |
| 950 ## - LOCAL HOLDINGS (RLIN) | |
| -- | 1 |
| Withdrawn status | Lost status | Source of classification or shelving scheme | Not for loan | Home library | Current library | Date acquired | Total Checkouts | Full call number | Barcode | Date last seen | Date last checked out | Price effective from | Koha item type |
|---|---|---|---|---|---|---|---|---|---|---|---|---|---|
| Library of Congress Classification | Kabarak, Main Campus | Kabarak, Main Campus | 17/12/2015 | 3 | E331 .W53 | 000849 | 28/02/2023 | 21/02/2023 | 17/12/2015 | General Collection |